Coronaciones de los Serenissimos Reyes de Aragon (Record no. 5292)

MARC details
000 -LEADER
campo de control de longitud fija 01304npm a2200289 i 4500
001 - NÚMERO DE CONTROL
campo de control 5292
003 - IDENTIFICADOR DE NÚMERO DE CONTROL
campo de control ES-MaACL
005 - FECHA Y HORA DE LA ÚLTIMA TRANSACCIÓN
campo de control 20250928104140.0
007 - CAMPO FIJO DE DESCRIPCIÓN FÍSICA--INFORMACIÓN GENERAL
campo de control de longitud fija hzrazu bucu
008 - DATOS DE LONGITUD FIJA--INFORMACIÓN GENERAL
campo de control de longitud fija 900427r19901641sp a 00010 spa d
080 ## - NÚMERO DE LA CLASIFICACIÓN DECIMAL UNIVERSAL
Número de la Clasificación Decimal Universal 9(465.2+467)
080 ## - NÚMERO DE LA CLASIFICACIÓN DECIMAL UNIVERSAL
Número de la Clasificación Decimal Universal 328(465.2+467)
100 1# - ENTRADA PRINCIPAL--NOMBRE DE PERSONA
Nombre de persona Blancas, Jerónimo de.
9 (RLIN) 126005
245 10 - MENCIÓN DEL TÍTULO
Título Coronaciones de los Serenissimos Reyes de Aragon
Resto del título : [Microforma] /
Mención de responsabilidad, etc. escritas por Geronimo de Blancas... Con dos tratados del modo de tener Cortes, del mismo autor y de Geronimo Martel... Publicado... Iuan Francisco Andres de Vztarroz, con algunas notas.
260 ## - PUBLICACIÓN, DISTRIBUCIÓN, ETC.
Lugar de publicación, distribución, etc. Madrid :
Nombre del editor, distribuidor, etc. Ateneo Cientifico, Literario y Artistico,
Fecha de publicación, distribución, etc. 1990.
300 ## - DESCRIPCIÓN FÍSICA
Extensión 1 carrete de microfilme :
Otras características físicas negativo ;
Dimensiones 16 mm.
500 ## - NOTA GENERAL
Nota general Publicado originalmente: Zaragoza, Diego Dormer, 1641, en 2 v.
501 ## - NOTA DE CON
Nota de "Con" Con: Modo de proceder en Cortes de Aragon / escrito por Geronimo de Blancas...
501 ## - NOTA DE CON
Nota de "Con" Con: Forma de celebrar Cortes en Aragon / escrita por Geronimo Martel...
650 14 - PUNTO DE ACCESO ADICIONAL DE MATERIA--TÉRMINO DE MATERIA
Término de materia o nombre geográfico como elemento de entrada Obras anteriores a 1800.
9 (RLIN) 15661
700 1# - ENTRADA AGREGADA--NOMBRE PERSONAL
Nombre de persona Martel, Geronimo.
9 (RLIN) 77151
700 1# - ENTRADA AGREGADA--NOMBRE PERSONAL
Nombre de persona Andrés de Uztárroz, Juan Francisco,
Fechas asociadas al nombre 1606-1653
9 (RLIN) 21601
740 0# - ENTRADA AGREGADA--TÍTULO RELACIONADO/ANALÍTICO NO CONTROLADO
Título relacionado o analítico no controlado Forma de celebrar Cortes en Aragon.
852 ## - LOCALIZACIÓN
Ubicación ES-MaACL
Número de control de estantería MC-383
itemnumber 5409
942 ## - ELEMENTOS DE ENTRADA SECUNDARIOS (KOHA)
Fuente del sistema de clasificación o colocación Clasificación decimal universal
Tipo de ítem Koha Microforma
Holdings
Estatus retirado Estado de pérdida Fuente del sistema de clasificación o colocación Estado de daño No para préstamo Colección Biblioteca de origen Biblioteca actual Ubicación en estantería Fecha de adquisición Total de préstamos Signatura topográfica completa Código de barras Visto por última vez Precio de reemplazo Tipo de ítem Koha
    Clasificación decimal universal     Libros del s. XVII Biblioteca del Ateneo de Madrid Biblioteca del Ateneo de Madrid Depósito 1 17/01/2008   MC-383 1005355 23/02/2023 23/02/2023 Microforma